The boilerplate war /

Bibliographic Details
Main Author: Foley, John, 1917-
Format: Book
Language:English
Published: New York : Walker, 1964
Subjects:

MARC

Tag First Indicator Second Indicator Subfields
LEADER 00000cam a22000001a 4500
001 in00001126331
005 20150930072124.0
008 711124c19641963nyua b 001 0 eng
010 |a  64017315  
035 |a (OCoLC)00711180 
035 |9 AFW3353AM 
040 |a DLC  |c DLC  |d m/c  |d TXA  |d UtOrBLW 
043 |a e-uk---  |a e------ 
049 |a TXAS [mil] 
050 0 0 |a D608  |b .F6 1964 
082 0 |a 940.412 
100 1 |a Foley, John,  |d 1917- 
245 1 4 |a The boilerplate war /  |c John Foley. 
264 1 |a New York :  |b Walker,  |c 1964 
264 4 |c ©1963 
300 |a xi, 195 pages :  |b illustrations ;  |c 23 cm. 
336 |a text  |b txt  |2 rdacontent 
337 |a unmediated  |b n  |2 rdamedia 
338 |a volume  |b nc  |2 rdacarrier 
504 |a Bibliography: pages 187-188. 
500 |a Includes index. 
610 1 0 |a Great Britain.  |b Army.  |b Royal Tank Corps. 
650 0 |a World War, 1914-1918  |x Tank warfare. 
650 0 |a World War, 1914-1918  |x Campaigns  |z Western Front. 
999 |a MARS 
999 f f |s 0344af95-5c10-303d-8e3a-c4b2b9b4b2e8  |i 7df98aea-f0cc-3b5f-bc39-635a79be6874  |t 0 
952 f f |p noncirc  |a Texas A&M University  |b College Station  |c Cushing Memorial Library & Archives  |d Cushing: Ragan Military (Does not check out)  |t 0  |e D608 .F6 1964  |h Library of Congress classification  |i unmediated -- volume  |m A14852141663 
998 f f |a D608 .F6 1964  |t 0  |l Cushing: Ragan Military (Does not check out)